• 首页
  • 本馆介绍
  • 公告通知
  • 最新文献
  • 馆藏检索
  • 电子资源
  • 读者导购
  • 参考咨询
  • 我的图书馆
  • 登录
  • 详细信息显示
  • 放入我的书架
  • 预约/预借图书
  • 作者相关作品
  • 分类相关作品
  • 丛书相关作品
  • 出版社相关作品

书目信息

  • 表格格式
  • 工作单格式
  • 卡片格式
题名:
城市和公路交通管理规则
    
 
作者: ;公安部 , 交通部 制订
分册:  
出版信息: 北京   人民交通出版社  1972
页数: 65页
开本: 13cm
丛书名:
单 册:
中图分类: U49
科图分类:
主题词: 管理—交通--规则--中国 , 交通—管理--规则--中国 , 公路运输--技术管理 , 交通工程--技术管理
电子资源:
ISBN:
000 00878nam0 2200289 45 981
001 0661691683
005 20060731090303.06
010    @dCNY0.18
091    @a15044.4453
100    @a19981109d1972 m y0chiy0121 ea
101 0  @achi
102    @aCN@b110000
105    @ay n 000yy
106    @ar
200 10 @a城市和公路交通管理规则@e试行@Acheng shi he gong lu jiao tong guan li gui ze@f公安部,交通部制订
210    @a北京@c人民交通出版社@d1972
215    @a65页@c图表@d13cm
300    @a本规则由公发(1972)15号、(1972)交公于450号文公布于一九七二年三月二十五日起试行
606    @a管理—交通@x规则@y中国
606    @a交通—管理@x规则@y中国
606 0  @a公路运输@x技术管理
606 0  @a交通工程@x技术管理
690    @aU49@v3
711 02 @a公安部@4制订@Agong an bu
711 02 @a交通部@4制订@Ajiao tong bu
801 0  @c20060731
905    @a10447@dU49@e157
    
    城市和公路交通管理规则:试行/公安部,交通部制订 .-北京:人民交通出版社,1972
    65页:图表;13cm
    本规则由公发(1972)15号、(1972)交公于450号文公布于一九七二年三月二十五日起试行
    
    ISBN :CNY0.18
    
●
相关链接 在E读中查询图书 在五车中查询图书 在当当中查询图书 在豆瓣中查询图书


正题名:城市和公路交通管理规则     索取号:U49/157         预约/预借

序号 登录号 条形码 馆藏地/架位号 状态 备注
1 0438874   204388741   密集书库/ [索取号:U49/157] 在馆    
2 0439075   204390756   密集书库/ [索取号:U49/157] 在馆    
3 0439076   204390765   密集书库/ [索取号:U49/157] 在馆    
唐山师范学院图书馆 欢迎您!
大连网信软件有限公司© 版权所有